01654ngm a2200373 a 450000500170000000800410001708200200005810000200007824500740009825000190017230000620019149000410025350000900029450501450038465000520052965000650058165000660064665000850071270000270079770000330082470000330085770000270089070000290091770000300094670000320097674000800100894200120108826400420110033600270114233700330116933800280120204000350123099900150126520220317001301.0160825s1998 ck g 000 0 spa 04a791.4361 bM14p1 aMejía, Silvia13aEl presente de Colombiacdirección Silvia Mejíahvideograbación a1a. edición  a1 videocasete en VHS (54 minutos)bsonido, color c20 cm  aLa maletapdocumentales Colombiano 1 aLa película pertenece a la colección La Maleta. Dirigida para un público adulto aLeo Matiz, profeta de imágenes [videocasete] / dirección Paula Gaitán -- Viambulantes [videocasete] / dirección Alexander González142LEMBaCine documental colombianovVideocasetes 142LEMB aNiñosvVideocasetesxCondiciones socialeszColombia142LEMB aJuventudvVideocasetesxActividad políticazColombia142LEMB aVendedores ambulantesvVideocasetesxAspectos socioeconómicoszColombia1 aGaitán, Paula9686901 aGonzález, Alexander9686911 aMartínez, Esperanza9686921 aLuque, Mauricio9686931 aLaverde, Fernando9686941 aEslava, J. César9686951 aCastillo, John Fredy968696 aLeo Matiz, profeta de imágenes [videocasete] aViambulantes [videocasete] 2ddccBK aBogotábMinisterio de Culturac1998 atextobtxt2rdacontent asin mediaciónbn2rdamedia avolumenbnc2rdacarrier aCO-BoRNBPbspaerdacCO-BoRNBP c6487d6487